00270nam a2200121Ia 45000030006000000080041000060400015000471000018000622450021000802600018001015460012001190050017001310STCL150530s9999 xx 000 0 und d aSTCLcSTCL aForster, E.M. aPassage to India bPenguinc1924 aEnglish20220125171059.0